| 000 | 00530nam a2200181 a 4500 | ||
|---|---|---|---|
| 005 | 20240806064026.0 | ||
| 008 | 991125s1971 es 000 0 spa u | ||
| 035 | _aUPN01000005555 | ||
| 049 | _aCG | ||
| 050 | 4 |
_aAC70 _bS2 no.36 |
|
| 100 | 1 |
_aMelville, Herman, _d1819-1891 _929256 |
|
| 245 | 1 | 0 |
_aBenito Cereno / _cHerman Melville ; pról. de Juan Benet. |
| 260 |
_aNavarra, Esp. : _bSalvat, _c1971. |
||
| 300 | _a138 p. | ||
| 440 | 0 |
_aBiblioteca básica Salvat ; _v36 |
|
| 650 | 4 |
_aLiteratura estadounidense _95229 |
|
| 905 | _aLibro | ||
| 999 |
_c5555 _d5555 |
||